[Event "Norway Chess"][Site "Stavanger"]
[Date "16.06.2017"]
[Round "9"]
[White "Karjakin, Sergey"]
[Black "Vachier-Lagrave, Maxime"]
[Result "1/2-1/2"]
[WhiteTitle "GM"]
[BlackTitle "GM"]
[WhiteElo "2781"]
[BlackElo "2796"]
[WhiteFideId "14109603"]
[BlackFideId "623539"]
[EventDate "2017.06.06"]

1. e4 c5 2. Nf3 d6 3. d4 cxd4 4. Nxd4 Nf6 5. Nc3 a6 6. g3 e5 7. Nde2 Be7 8. Bg2
b5 9. Nd5 Nbd7 10. Nec3 Nb6 11. Nxe7 Qxe7 12. Bg5 O-O 13. Qf3 Be6 14. Bxf6 Qxf6
15. Qxf6 gxf6 16. O-O-O b4 17. Nd5 Nxd5 18. exd5 Bf5 19. f4 Rfc8 20. Rd2 Rc5 21.
Re1 a5 22. Rf2 Rac8 23. Be4 Bxe4 24. Rxe4 Rxd5 25. fxe5 fxe5 26. Rg4+ Kf8 27.
Rh4 Kg7 28. Rg4+ Kf8 29. Rh4 Kg7 30. Rg4+ Kf8 1/2-1/2

[Event "Norway Chess"][Site "Stavanger"]
[Date "16.06.2017"]
[Round "9"]
[White "So, Wesley"]
[Black "Aronian, Levon"]
[Result "1/2-1/2"]
[WhiteTitle "GM"]
[BlackTitle "GM"]
[WhiteElo "2812"]
[BlackElo "2793"]
[WhiteFideId "5202213"]
[BlackFideId "13300474"]
[EventDate "2017.06.06"]

1. d4 Nf6 2. c4 e6 3. Nf3 d5 4. Nc3 Be7 5. Bf4 O-O 6. e3 Nbd7 7. a3 c5 8. cxd5
Nxd5 9. Nxd5 exd5 10. dxc5 Nxc5 11. Be5 Bf6 12. Bxf6 Qxf6 13. Qd4 Qe7 14. Rd1
Rd8 15. Be2 Bf5 16. Qb4 a5 17. Qc3 Ne4 18. Qd4 Nc5 19. Qc3 Ne4 20. Qe5 Qxe5 21.
Nxe5 Rac8 22. Nf3 Nc5 23. Nd4 Bd7 24. f3 Ba4 25. Rd2 Nb3 26. Nxb3 Bxb3 27. Kf2
Rd6 28. f4 g6 29. e4 Rf6 30. exd5 Rxf4+ 31. Bf3 Rd8 32. Kg3 Rf6 33. Rc1 Rfd6 34.
Rd4 a4 35. h4 Kg7 36. Rc3 h6 37. Rc7 Bxd5 38. Rxa4 Bxf3 39. gxf3 b5 40. Rf4 R8d7
41. Rxd7 Rxd7 42. Rb4 Rd5 43. Kf4 f5 44. Ke3 Kf6 45. Rd4 Rxd4 46. Kxd4 g5 47.
hxg5+ hxg5 48. b3 Ke6 49. a4 bxa4 50. bxa4 Kd6 51. a5 g4 52. fxg4 fxg4 53. a6
Kc7 54. a7 Kb7 55. a8=Q+ Kxa8 56. Kd3 g3 57. Ke2 g2 58. Kf2 g1=Q+ 59. Kxg1 1/2-1/2

[Event "Norway Chess"][Site "Stavanger"]
[Date "16.06.2017"]
[Round "9"]
[White "Kramnik, Vladimir"]
[Black "Giri, Anish"]
[Result "1-0"]
[WhiteTitle "GM"]
[BlackTitle "GM"]
[WhiteElo "2808"]
[BlackElo "2771"]
[WhiteFideId "4101588"]
[BlackFideId "24116068"]
[EventDate "2017.06.06"]

1. Nf3 d5 2. d4 Nf6 3. e3 e6 4. Bd3 c5 5. O-O c4 6. Be2 b5 7. b3 Bb7 8. Nc3 b4
9. Na4 c3 10. Ne5 Bd6 11. a3 a5 12. Bb5+ Kf8 13. Nc5 Qb6 14. Nxb7 Qxb7 15. Qe2
g6 16. e4 Nxe4 17. Bh6+ Ke7 18. f3 Nd2 19. Rfe1 Kd8 20. Bf4 1-0

[Event "Norway Chess"][Site "Stavanger"]
[Date "16.06.2017"]
[Round "9"]
[White "Anand, Viswanathan"]
[Black "Carlsen, Magnus"]
[Result "1/2-1/2"]
[WhiteTitle "GM"]
[BlackTitle "GM"]
[WhiteElo "2786"]
[BlackElo "2832"]
[WhiteFideId "5000017"]
[BlackFideId "1503014"]
[EventDate "2017.06.06"]

1. e4 e5 2. Nf3 Nc6 3. Bc4 Bc5 4. c3 Nf6 5. d3 d6 6. O-O a6 7. a4 Ba7 8. Re1 O-O
9. h3 h6 10. Nbd2 Be6 11. Bxe6 fxe6 12. b4 Nh5 13. Ra2 Qf6 14. Nc4 b5 15. Ne3
Bb6 16. Ng4 Qe7 17. Be3 Bxe3 18. fxe3 Rab8 19. axb5 axb5 20. Ra6 Nd8 21. d4 exd4
22. cxd4 Nf7 23. Qc2 Nf6 24. Nxf6+ Qxf6 25. Rc6 Ng5 26. Nxg5 Qxg5 27. Rxc7 Qg3
28. Qe2 Ra8 29. Rcc1 Ra3 30. Ra1 Rb3 31. Rab1 Ra3 32. Ra1 Rb3 33. Rab1 Ra3 34.
Ra1 1/2-1/2